000 00917nam a2200265 a 4500
003 DO-SdBNP
005 20220114133254.0
007 ta
008 220114e2021 dr ||||er|||| 00| e spa d
020 _a9945618440
040 _aDO-SdBNP
_bspa
_cBNPHU
082 4 _222
_bG633p
100 1 _974766
_aGómez Marín, Lorenzo
_d1948-
245 1 0 _aPonchao:
_bCumbo, una promesa del béisbol /
_cLorenzo Gómez Marín; Prólogo de Pedro Martínez y Carolina Cruz.
260 _aSanto Domingo :
_bAmigo del Hogar,
_c2021
300 _a43 p. ;
_c21 cm
500 _aIncluye biografía y notas al pié de páginas.
590 _aInventariado 2022 / MF
650 _936893
_aBeisbol
_xEnsayo
_zRepública Dominicana
650 0 _940039
_aHumorismo
_xRelatos Personales
_zRepública Dominicana
700 1 _aMartínez, Pedro
_epról.
_980939
700 1 _aCruz, Carolina
_epról.
_980940
910 _aMFéliz
942 _2ddc
_cLF2
999 _c51168
_d51168